000 00695nmc a2200265 a 4500
003 AR-BaBNM
005 20251128211812.0
008 016020s2006 ||||||||||||||000 | spa||
020 _a978-987-1217-08-3
040 _cAR-BaBNM
100 1 _aBranzei, Sylvia
245 1 0 _aAsquerosología
_bdel baño a la cocina
250 _a1ª ed.
260 _aBuenos Aires
_bEdiciones Iamiqué
_c2006
300 0 _a75 p.
490 0 _aAsquerosología
650 4 _aLIBROS PARA NINOS
650 4 _aCIENCIAS NATURALES
650 4 _aLITERATURA INFANTIL
650 4 _aDIVULGACION CIENTIFICA
655 _aLITERATURA
700 1 _aKeely, Jack
_eilustrador
942 _cBK
998 _cme-solo cat
999 _c21183
_d21183